PEYGAMBERİMİ ÖĞRENİYORUM (Kayıt no. 1040354)

MARC ayrıntıları
000 -LEADER
sabit uzunluktaki kontrol alanı 00245nam a2200097Ia 4500
001 - KONTROL NUMARASI
kontrol alanı 1040354
005 - EN SON İŞLEMİN TARİH VE ZAMANI
kontrol alanı 20250826232021.0
008 - SABİT-UZUNLUKTA VERİ ÖĞELERİ--GENEL BİLGİ
sabit uzunluktaki kontrol alanı 250824s9999 xx 000 0 und d
245 #0 - ESER / YAZAR
ESER ADI PEYGAMBERİMİ ÖĞRENİYORUM
Yazar Adı MEHMET ERDOĞAN
260 ## - YAYIN, DAĞITIM, VB.
YAYIN EVİ DİB

Kullanılabilir materyal yok.

Gemini Bilgi Teknolojileri A.Ş. tarafından düzenlenmiştir.